[Event "IECC CL7-2021.03 email"]
[Site "IECC email"]
[Date "2022.06.11"]
[Round "?"]
[White "Lunt, Alyn"]
[Black "Belem Jr, Juarez Rodrigues"]
[Result "0-1"]
[WhiteElo "875"]
[BlackElo "1060"]
[PlyCount "34"]
[EventDate "2022.??.??"]
[EventType "tourn (corr)"]
[EventRounds "4"]
[SourceTitle "Corr 2024"]
[Source "ChessBase"]
[SourceDate "2023.10.19"]
[SourceVersion "1"]
[SourceVersionDate "2023.10.19"]
[SourceQuality "1"]
[WhiteTeam "Kanada"]
[BlackTeam "Brasilien"]
[WhiteTeamCountry "CAN"]
[BlackTeamCountry "BRA"]

1. e4 c5 2. Bc4 e6 3. Nf3 Nc6 4. d3 d5 5. Bg5 f6 6. Bxf6 Nxf6 7. Bb5 Qa5+ 8. Nc3 d4 9. 0-0 dxc3 10. bxc3 Qxb5 11. Ng5 Be7 12. c4 Qa5 13. e5 Nxe5 14. Qe2 Qc7 15. Qe3 Nfg4 16. Qf4 Nf3+ 17. gxf3 Qxf4 0-1

[Event "IECC TH-M-3733"]
[Site "IECC email"]
[Date "2022.04.24"]
[Round "?"]
[White "Lunt, Alyn"]
[Black "Nilsson, Bjoern"]
[Result "1-0"]
[WhiteElo "855"]
[BlackElo "966"]
[PlyCount "51"]
[EventDate "2022.??.??"]
[EventType "tourn (corr)"]
[SourceTitle "Corr 2024"]
[Source "ChessBase"]
[SourceDate "2023.10.19"]
[SourceVersion "1"]
[SourceVersionDate "2023.10.19"]
[SourceQuality "1"]
[WhiteTeam "Kanada"]
[BlackTeam "Schweden"]
[WhiteTeamCountry "CAN"]
[BlackTeamCountry "SWE"]

1. e4 e5 2. d4 exd4 3. c3 dxc3 4. Nxc3 c6 5. Bc4 b5 6. Nxb5 cxb5 7. Bxb5 a6 8. Bc4 g6 9. Nf3 h6 10. 0-0 Nc6 11. Nd4 Nce7 12. Bf4 Qc7 13. Ne6 Qxc4 14. Nc7+ Kd8 15. Nxa8 Qxe4 16. Qd6 Nd5 17. Qxf8+ Qe8 18. Qd6 Bb7 19. Qb8+ Bc8 20. Rac1 Nge7 21. Rfd1 Nxf4 22. Rc4 Nfd5 23. Rdc1 Nc6 24. g3 f6 25. Qd6 Nde7 26. Qc7# 1-0

[Event "TH-S-1413"]
[Site "IECC email"]
[Date "2022.01.20"]
[Round "?"]
[White "Lunt, Alyn"]
[Black "Burns, Paul"]
[Result "0-1"]
[WhiteElo "871"]
[BlackElo "882"]
[PlyCount "94"]
[EventDate "2022.??.??"]
[EventType "tourn (corr)"]
[SourceTitle "Corr 2024"]
[Source "ChessBase"]
[SourceDate "2023.10.19"]
[SourceVersion "1"]
[SourceVersionDate "2023.10.19"]
[SourceQuality "1"]
[WhiteTeam "Kanada"]
[BlackTeam "Neuseeland"]
[WhiteTeamCountry "CAN"]
[BlackTeamCountry "NZL"]

1. d4 d5 2. c4 e6 3. Nf3 dxc4 4. Nc3 Bb4 5. e4 Nc6 6. Bg5 f6 7. Bh4 Bxc3+ 8. bxc3 g5 9. Bg3 b5 10. Qc2 h5 11. Qb2 a6 12. d5 Na5 13. Qb4 Nb7 14. Nd4 h4 15. Nc6 Qd7 16. Nd4 a5 17. Qxb5 Qxb5 18. Nxb5 Kf7 19. Nxc7 Ra7 20. Bxc4 e5 21. d6+ Kg6 22. Nb5 Ra8 23. Nc7 Rb8 24. Na6 Ra8 25. Nc7 Ra7 26. Bb5 Nxd6 27. Be8+ Nxe8 28. Nxe8 hxg3 29. fxg3 Bd7 30. Nd6 Ne7 31. 0-0-0 Rc7 32. Nf5 Nxf5 33. g4 Ne3 34. Rd2 Nc4 35. Rf2 Ne3 36. Re2 Nc4 37. g3 Bxg4 38. Rf2 Rf7 39. Re1 a4 40. h4 gxh4 41. gxh4 Rxh4 42. Kc2 Rb7 43. Rd1 Bxd1+ 44. Kxd1 Rh1+ 45. Kc2 Rb2+ 46. Kd3 Rxf2 47. Kxc4 Rxa2 0-1

[Event "IECC TH-M-3527"]
[Site "IECC email"]
[Date "2020.07.13"]
[Round "?"]
[White "Burns, Paul"]
[Black "Lunt, Alyn"]
[Result "1-0"]
[WhiteElo "883"]
[BlackElo "889"]
[PlyCount "79"]
[EventDate "2020.??.??"]
[EventType "tourn (corr)"]
[SourceTitle "Corr 2024"]
[Source "ChessBase"]
[SourceDate "2023.10.19"]
[SourceVersion "1"]
[SourceVersionDate "2023.10.19"]
[SourceQuality "1"]
[WhiteTeam "Neuseeland"]
[BlackTeam "Kanada"]
[WhiteTeamCountry "NZL"]
[BlackTeamCountry "CAN"]

1. d4 Nf6 2. c4 e5 3. dxe5 Ne4 4. Qd3 Nxf2 5. Kxf2 Bc5+ 6. e3 Qh4+ 7. g3 Qg4 8. h3 Qh5 9. Qd5 0-0 10. Qxc5 c6 11. g4 Qh4+ 12. Kg2 Na6 13. Qa5 d5 14. Nf3 Qe7 15. b3 Nc5 16. Qe1 Ne4 17. Bd3 Be6 18. Bb2 dxc4 19. bxc4 b5 20. Bxe4 Bxc4 21. Bxc6 Rac8 22. Ba3 Qd8 23. Bxf8 Rxc6 24. Bb4 Bd5 25. e4 Rc2+ 26. Kg3 Qc7 27. Na3 Rb2 28. Nxb5 Qc6 29. Nxa7 Qb6 30. Nc8 Qb5 31. Ne7+ Kf8 32. Nxd5+ Kg8 33. Qc1 g5 34. Qxg5+ Kh8 35. Qf6+ Kg8 36. Ne7+ Kf8 37. Rhd1 Qb8 38. Nc6+ Rxb4 39. Nxb8 Rxb8 40. Qh8+ 1-0

[Event "IECC TH-M-3527"]
[Site "IECC email"]
[Date "2020.07.13"]
[Round "?"]
[White "Lunt, Alyn"]
[Black "Burns, Paul"]
[Result "1-0"]
[WhiteElo "795"]
[BlackElo "988"]
[PlyCount "27"]
[EventDate "2020.??.??"]
[EventType "tourn (corr)"]
[SourceTitle "Corr 2024"]
[Source "ChessBase"]
[SourceDate "2023.10.19"]
[SourceVersion "1"]
[SourceVersionDate "2023.10.19"]
[SourceQuality "1"]
[WhiteTeam "Kanada"]
[BlackTeam "Neuseeland"]
[WhiteTeamCountry "CAN"]
[BlackTeamCountry "NZL"]

1. d4 Nf6 2. c4 e5 3. dxe5 Ne4 4. Qd3 Nc5 5. Qf3 Ne6 6. e3 Nc6 7. Nc3 Nb4 8. Ne4 Nc2+ 9. Kd1 Nxa1 10. Nh3 b6 11. Bd3 c5 12. Nf4 g6 13. Nf6+ Ke7 14. N4d5# 1-0

[Event "IECC CL7-2020.02 email"]
[Site "IECC email"]
[Date "2020.05.27"]
[Round "?"]
[White "Hughes, Peter James"]
[Black "Lunt, Alyn"]
[Result "1-0"]
[WhiteElo "1128"]
[BlackElo "813"]
[PlyCount "39"]
[EventDate "2020.??.??"]
[EventType "tourn (corr)"]
[EventRounds "4"]
[SourceTitle "Corr 2024"]
[Source "ChessBase"]
[SourceDate "2023.10.19"]
[SourceVersion "1"]
[SourceVersionDate "2023.10.19"]
[SourceQuality "1"]
[WhiteTeam "Australien"]
[BlackTeam "Kanada"]
[WhiteTeamCountry "AUS"]
[BlackTeamCountry "CAN"]

1. e4 e5 2. d4 exd4 3. Qxd4 Nc6 4. Qe3 Nf6 5. Nc3 Nb4 6. Bd3 Nxd3+ 7. cxd3 Bb4 8. Nge2 0-0 9. 0-0 b6 10. Nf4 Ba6 11. Rd1 c5 12. Nce2 d6 13. b3 Qd7 14. h3 Rae8 15. Qg3 g6 16. Bb2 Bb7 17. Bxf6 Ba6 18. Qg5 d5 19. Qh6 Bxd3 20. Qg7# 1-0

[Event "IECC TH-M-3494"]
[Site "IECC email"]
[Date "2020.04.17"]
[Round "?"]
[White "Nilsson, Bjoern"]
[Black "Lunt, Alyn"]
[Result "0-1"]
[WhiteElo "853"]
[BlackElo "794"]
[PlyCount "72"]
[EventDate "2020.??.??"]
[EventType "tourn (corr)"]
[SourceTitle "Corr 2024"]
[Source "ChessBase"]
[SourceDate "2023.10.19"]
[SourceVersion "1"]
[SourceVersionDate "2023.10.19"]
[SourceQuality "1"]
[WhiteTeam "Schweden"]
[BlackTeam "Kanada"]
[WhiteTeamCountry "SWE"]
[BlackTeamCountry "CAN"]

1. d4 Nf6 2. c4 g6 3. Nc3 d5 4. e3 e6 5. Qe2 Bb4 6. Bd2 dxc4 7. Qxc4 Qe7 8. f3 c6 9. a3 Ba5 10. b4 Bc7 11. Nge2 Nbd7 12. 0-0-0 0-0 13. g3 a5 14. Kb2 axb4 15. Na2 bxa3+ 16. Kc2 Nb6 17. Qb3 Nbd5 18. Bg2 c5 19. e4 cxd4 20. Nxd4 Bd7 21. exd5 Nxd5 22. Bh6 Rfc8 23. Kd3 Ba5 24. Qxb7 Nc7 25. Qe4 Nd5 26. Bh3 Rcb8 27. Ra1 Bb5+ 28. Nxb5 Rxb5 29. Rhc1 Rb3+ 30. Ke2 Qb7 31. Qd4 Rb2+ 32. Kf1 Qb5+ 33. Kg1 Bb6 34. Qxb6 Qxb6+ 35. Kh1 Qf2 36. f4 Qxh2# 0-1

[Event "IECC TH-M-3468"]
[Site "IECC email"]
[Date "2020.02.13"]
[Round "?"]
[White "Lunt, Alyn"]
[Black "Nilsson, Bjoern"]
[Result "1-0"]
[WhiteElo "826"]
[BlackElo "724"]
[PlyCount "47"]
[EventDate "2020.??.??"]
[EventType "tourn (corr)"]
[SourceTitle "Corr 2024"]
[Source "ChessBase"]
[SourceDate "2023.10.19"]
[SourceVersion "1"]
[SourceVersionDate "2023.10.19"]
[SourceQuality "1"]
[WhiteTeam "Kanada"]
[BlackTeam "Schweden"]
[WhiteTeamCountry "CAN"]
[BlackTeamCountry "SWE"]

1. e4 e5 2. Bc4 Qe7 3. Nf3 Qc5 4. b3 a5 5. 0-0 Bd6 6. Ng5 Nh6 7. Qh5 0-0 8. Bxf7+ Kh8 9. Nc3 b5 10. Nxh7 Kxh7 11. Qg6+ Kh8 12. Nxb5 Rxf7 13. Nxd6 cxd6 14. d3 Qxc2 15. Bxh6 Re7 16. Rae1 Qxa2 17. Re3 Nc6 18. Rf3 Ba6 19. Rh3 Kg8 20. Rf3 Qxb3 21. Bg5 Re6 22. Qf7+ Kh8 23. Rh3+ Rh6 24. Rxh6+ 1-0

[Event "IECC CL7-2019.02 email"]
[Site "IECC email"]
[Date "2019.05.08"]
[Round "?"]
[White "Grid, Yevhen"]
[Black "Lunt, Alyn"]
[Result "1-0"]
[WhiteElo "1119"]
[BlackElo "895"]
[PlyCount "45"]
[EventDate "2019.??.??"]
[EventType "tourn (corr)"]
[EventRounds "4"]
[SourceTitle "Corr 2024"]
[Source "ChessBase"]
[SourceDate "2023.10.19"]
[SourceVersion "1"]
[SourceVersionDate "2023.10.19"]
[SourceQuality "1"]
[WhiteTeam "Ukraine"]
[BlackTeam "Kanada"]
[WhiteTeamCountry "UKR"]
[BlackTeamCountry "CAN"]

1. e4 e5 2. f4 exf4 3. Nf3 Bc5 4. d4 Bb4+ 5. c3 Ba5 6. Bc4 Nf6 7. e5 Ne4 8. Bxf4 0-0 9. Bd5 Nxc3 10. bxc3 c6 11. Bb3 d5 12. 0-0 Bf5 13. Bg5 Qb6 14. Be7 Re8 15. Bd6 Nd7 16. Ng5 h6 17. Qf3 g6 18. g4 hxg5 19. gxf5 gxf5 20. Qxf5 Nf6 21. Qxg5+ Kh7 22. Rxf6 Rad8 23. Rh6# 1-0

[Event "IECC KO-2130"]
[Site "IECC email"]
[Date "2016.07.22"]
[Round "?"]
[White "Basson, Heinrich"]
[Black "Lunt, Alyn"]
[Result "1-0"]
[WhiteElo "1640"]
[BlackElo "961"]
[PlyCount "101"]
[EventDate "2016.??.??"]
[EventType "match (corr)"]
[EventRounds "2"]
[SourceTitle "Corr 2020"]
[Source "ChessBase"]
[SourceDate "2019.09.30"]
[SourceVersion "1"]
[SourceVersionDate "2019.09.30"]
[SourceQuality "1"]
[WhiteTeam "South Africa"]
[BlackTeam "Canada"]
[WhiteTeamCountry "RSA"]
[BlackTeamCountry "CAN"]

1. d4 e6 2. c4 Nc6 3. Nc3 Bb4 4. e3 Nf6 5. Qb3 Ng4 6. Nf3 Ne7 7. a3 Bd6 8. h3 Nxf2 9. Kxf2 Nf5 10. Bd3 Bg3+ 11. Ke2 0-0 12. Bd2 b6 13. Bxf5 exf5 14. Nd5 Ba6 15. Rac1 Qe8 16. Nb4 d6 17. Nxa6 c5 18. d5 Rc8 19. Rhf1 Rd8 20. Nc7 Qd7 21. Nb5 Qe7 22. Qd3 Bf4 23. Rce1 a6 24. Nc3 Bg3 25. Rd1 Bf4 26. Kf2 Qf6 27. exf4 a5 28. Nb5 Qg6 29. Rfe1 Rde8 30. Rxe8 Rxe8 31. Re1 Rxe1 32. Nxe1 a4 33. Qe3 h5 34. Nf3 f6 35. Nxd6 h4 36. Nxh4 Qh5 37. Qe8+ Qxe8 38. Nxe8 Kf7 39. Nd6+ Ke7 40. Nb5 g6 41. Nxg6+ Kf7 42. Nh4 Ke7 43. Nxf5+ Kf7 44. Nfd6+ Ke7 45. f5 Kd7 46. Ne4 Ke7 47. d6+ Kd7 48. Nxf6+ Kc6 49. d7 Kb7 50. d8Q Ka6 51. Qa8# 1-0

[Event "IECC M1-2016.T009"]
[Site "IECC email"]
[Date "2016.02.20"]
[Round "?"]
[White "Lunt, Alyn"]
[Black "D'Aragona, Vittoria"]
[Result "1/2-1/2"]
[WhiteElo "941"]
[BlackElo "1520"]
[PlyCount "26"]
[EventDate "2016.??.??"]
[EventType "match (corr)"]
[EventRounds "2"]
[SourceTitle "Corr 2020"]
[Source "ChessBase"]
[SourceDate "2019.09.30"]
[SourceVersion "1"]
[SourceVersionDate "2019.09.30"]
[SourceQuality "1"]
[WhiteTeam "Canada"]
[BlackTeam "Italy"]
[WhiteTeamCountry "CAN"]
[BlackTeamCountry "ITA"]

1. e4 e5 2. d4 exd4 3. Qxd4 Nc6 4. Qc4 Nf6 5. Nf3 Be7 6. Ng5 0-0 7. Bd3 d5 8. exd5 Ne5 9. Qc3 Nxd3+ 10. Qxd3 Qxd5 11. b3 Qe5+ 12. Ne4 Rd8 13. Qc3 Qxe4+ 1/2-1/2

[Event "IECC M1-2016.T008"]
[Site "IECC email"]
[Date "2016.02.20"]
[Round "?"]
[White "Lunt, Alyn"]
[Black "Von Rosenberg, Clemens"]
[Result "1/2-1/2"]
[WhiteElo "1036"]
[BlackElo "831"]
[PlyCount "61"]
[EventDate "2016.??.??"]
[EventType "match (corr)"]
[EventRounds "2"]
[SourceTitle "Corr 2020"]
[Source "ChessBase"]
[SourceDate "2019.09.30"]
[SourceVersion "1"]
[SourceVersionDate "2019.09.30"]
[SourceQuality "1"]
[WhiteTeam "Canada"]
[BlackTeam "Germany"]
[WhiteTeamCountry "CAN"]
[BlackTeamCountry "GER"]

1. e4 c5 2. Bc4 e6 3. Nf3 a6 4. Ne5 d6 5. Ng4 g6 6. b3 Bg7 7. c3 Nf6 8. Nxf6+ Bxf6 9. 0-0 0-0 10. Qf3 Bg7 11. d4 cxd4 12. cxd4 Nc6 13. e5 d5 14. Bd3 Nb4 15. Be2 b5 16. Nc3 Bb7 17. Ba3 Qa5 18. Qg4 Qxa3 19. Rad1 Nxa2 20. Nxa2 Qxa2 21. Qg5 Qxb3 22. Rd3 Qc2 23. Rh3 Qxe2 24. Qh4 h5 25. g3 Rac8 26. g4 Qxg4+ 27. Qxg4 hxg4 28. Rh4 f5 29. Re1 g5 30. Rh5 g3 31. fxg3 1/2-1/2

[Event "IECC O-4138"]
[Site "IECC email"]
[Date "2015.12.05"]
[Round "?"]
[White "Lunt, Alyn"]
[Black "Mercier, Sylvain"]
[Result "0-1"]
[WhiteElo "968"]
[BlackElo "986"]
[PlyCount "42"]
[EventDate "2015.??.??"]
[EventType "swiss (corr)"]
[EventRounds "2"]
[SourceTitle "Corr 2020"]
[Source "ChessBase"]
[SourceDate "2019.09.30"]
[SourceVersion "1"]
[SourceVersionDate "2019.09.30"]
[SourceQuality "1"]
[WhiteTeam "Canada"]
[BlackTeam "Canada"]
[WhiteTeamCountry "CAN"]
[BlackTeamCountry "CAN"]

1. e4 Nc6 2. Bc4 e6 3. Nf3 a6 4. d3 d5 5. exd5 exd5 6. Bb3 Be6 7. Nc3 Bb4 8. Bd2 d4 9. Bxe6 fxe6 10. Bg5 Nf6 11. 0-0 dxc3 12. b3 0-0 13. Nh4 Qd5 14. Be3 Ne5 15. a4 Nfg4 16. Bf4 Rxf4 17. Qc1 Qd4 18. Nf3 Nxf3+ 19. Kh1 Nd2 20. Re1 Nxf2+ 21. Kg1 Nxd3+ 0-1

[Event "IECC O-4116"]
[Site "IECC email"]
[Date "2015.11.12"]
[Round "?"]
[White "Von Rosenberg, Clemens"]
[Black "Lunt, Alyn"]
[Result "0-1"]
[WhiteElo "904"]
[BlackElo "1015"]
[PlyCount "56"]
[EventDate "2015.??.??"]
[EventType "swiss (corr)"]
[EventRounds "2"]
[SourceTitle "Corr 2020"]
[Source "ChessBase"]
[SourceDate "2019.09.30"]
[SourceVersion "1"]
[SourceVersionDate "2019.09.30"]
[SourceQuality "1"]
[WhiteTeam "Germany"]
[BlackTeam "Canada"]
[WhiteTeamCountry "GER"]
[BlackTeamCountry "CAN"]

1. c4 e5 2. g3 Bc5 3. e3 Nf6 4. a3 Ne4 5. d3 Qf6 6. Nf3 0-0 7. dxe4 Nc6 8. Bg2 d6 9. 0-0 Ne7 10. b4 Bb6 11. Bb2 Ng6 12. Nc3 a5 13. Nd5 Qe6 14. Rc1 axb4 15. axb4 Ra2 16. Bd4 Bxd4 17. exd4 exd4 18. Nxd4 Qd7 19. Qb3 Rd2 20. Rfd1 Rxd1+ 21. Rxd1 Ne5 22. Nf5 Qe6 23. Nxc7 Qf6 24. Rxd6 Qg5 25. Qd1 Ng4 26. Nd5 Qh5 27. Nde7+ Kh8 28. Nxc8 Qxh2+ 0-1

[Event "IECC CL7-2015.02 email"]
[Site "IECC email"]
[Date "2015.04.01"]
[Round "?"]
[White "Baker, Tim"]
[Black "Lunt, Alyn"]
[Result "1-0"]
[WhiteElo "1115"]
[BlackElo "923"]
[PlyCount "23"]
[EventDate "2015.??.??"]
[EventType "tourn (corr)"]
[EventRounds "4"]
[SourceTitle "Corr 2020"]
[Source "ChessBase"]
[SourceDate "2019.09.30"]
[SourceVersion "1"]
[SourceVersionDate "2019.09.30"]
[SourceQuality "1"]
[WhiteTeam "United States"]
[BlackTeam "Canada"]
[WhiteTeamCountry "USA"]
[BlackTeamCountry "CAN"]

1. e4 e5 2. Nf3 Nf6 3. Nxe5 Nxe4 4. d4 Qf6 5. f3 Qh4+ 6. g3 Qh5 7. fxe4 Qxd1+ 8. Kxd1 Bb4 9. Nc3 0-0 10. Bc4 Nc6 11. Nxf7 Nxd4 12. Nh6+ 1-0

[Event "IECC CL7-2015.02 email"]
[Site "IECC email"]
[Date "2015.04.01"]
[Round "?"]
[White "Dawkins, Arthur William"]
[Black "Lunt, Alyn"]
[Result "1/2-1/2"]
[WhiteElo "1193"]
[BlackElo "916"]
[PlyCount "45"]
[EventDate "2015.??.??"]
[EventType "tourn (corr)"]
[EventRounds "4"]
[SourceTitle "Corr 2020"]
[Source "ChessBase"]
[SourceDate "2019.09.30"]
[SourceVersion "1"]
[SourceVersionDate "2019.09.30"]
[SourceQuality "1"]
[WhiteTeam "England"]
[BlackTeam "Canada"]
[WhiteTeamCountry "ENG"]
[BlackTeamCountry "CAN"]

1. c4 Nc6 2. Nc3 e5 3. e4 Bc5 4. g3 Qf6 5. Qf3 Nd4 6. Qxf6 Nxf6 7. Bd3 Ng4 8. Nd5 0-0 9. b4 d6 10. bxc5 dxc5 11. Nxc7 Rb8 12. Ne2 Nf3+ 13. Kf1 Bd7 14. Kg2 Ng5 15. Nd5 Rbc8 16. Ne7+ Kh8 17. Nxc8 Bxc8 18. Bb2 Rd8 19. Nc1 b6 20. h3 Nf6 21. Re1 Bxh3+ 22. Kh1 Ng4 23. Bc2 1/2-1/2

[Event "IECC CL7-2015.02 email"]
[Site "IECC email"]
[Date "2015.04.01"]
[Round "?"]
[White "Lunt, Alyn"]
[Black "Simmons, Ernest"]
[Result "1/2-1/2"]
[WhiteElo "971"]
[BlackElo "1108"]
[PlyCount "66"]
[EventDate "2015.??.??"]
[EventType "tourn (corr)"]
[EventRounds "4"]
[SourceTitle "Corr 2020"]
[Source "ChessBase"]
[SourceDate "2019.09.30"]
[SourceVersion "1"]
[SourceVersionDate "2019.09.30"]
[SourceQuality "1"]
[WhiteTeam "Canada"]
[BlackTeam "United States"]
[WhiteTeamCountry "CAN"]
[BlackTeamCountry "USA"]

1. e4 c6 2. d4 d5 3. Nc3 dxe4 4. Nxe4 Bf5 5. Ng5 Nf6 6. Bc4 Nd5 7. Qh5 g6 8. Qh4 h5 9. N1f3 Bxc2 10. 0-0 Bf5 11. Ne5 Bg7 12. b3 b5 13. Ngxf7 Bf6 14. Nxd8 Bxh4 15. Ndxc6 bxc4 16. bxc4 Nb6 17. Na5 Bf6 18. Nec6 Nxc6 19. Nxc6 Nxc4 20. Bf4 0-0 21. Bh6 Rfc8 22. Nb4 Bxd4 23. Rad1 Be5 24. Nd5 Re8 25. Rc1 e6 26. Nc7 Bxc7 27. Rxc4 Bd3 28. Rxc7 Bxf1 29. Rg7+ Kh8 30. Kxf1 Rg8 31. Re7 Rge8 32. Rg7 Rg8 33. Re7 Rge8 1/2-1/2

[Event "IECC M1-2014.T016"]
[Site "IECC email"]
[Date "2014.05.07"]
[Round "?"]
[White "Lunt, Alyn"]
[Black "Butcher Sr, Robert Evan"]
[Result "0-1"]
[WhiteElo "998"]
[BlackElo "1056"]
[PlyCount "62"]
[EventDate "2014.??.??"]
[EventType "match (corr)"]
[EventRounds "2"]
[SourceTitle "Corr 2020"]
[Source "ChessBase"]
[SourceDate "2019.09.30"]
[SourceVersion "1"]
[SourceVersionDate "2019.09.30"]
[SourceQuality "1"]
[WhiteTeam "Canada"]
[BlackTeam "United States"]
[WhiteTeamCountry "CAN"]
[BlackTeamCountry "USA"]

1. e4 c6 2. d4 d5 3. Bd3 Nf6 4. Nc3 Bg4 5. Nge2 Nbd7 6. exd5 cxd5 7. 0-0 e6 8. Bf4 Bb4 9. Nb5 Nb6 10. Bg5 h6 11. Bh4 0-0 12. c3 Be7 13. Qd2 Nc4 14. Qf4 Bh5 15. Ng3 Bg6 16. b3 Nd6 17. Bg5 hxg5 18. Qxg5 Bxd3 19. Rfd1 Bxb5 20. Re1 Nfe4 21. Nxe4 Bxg5 22. Nxg5 Qxg5 23. Rad1 Rac8 24. a4 Ba6 25. b4 b5 26. Rd3 Ne4 27. f3 Nxc3 28. Rf1 bxa4 29. Re1 Bxd3 30. b5 Ne2+ 31. Kf2 Nf4 0-1

[Event "IECC CL7-2013.01 email"]
[Site "IECC email"]
[Date "2013.02.21"]
[Round "?"]
[White "Lunt, Alyn"]
[Black "Ladeira, Paulo Ribeiro Soare"]
[Result "0-1"]
[WhiteElo "1039"]
[BlackElo "1124"]
[PlyCount "40"]
[EventDate "2013.??.??"]
[EventType "tourn (corr)"]
[EventRounds "4"]
[SourceTitle "Telechess CBM 165"]
[Source "ChessBase"]
[SourceDate "2015.03.11"]
[SourceVersion "1"]
[SourceVersionDate "2015.03.11"]
[SourceQuality "1"]
[WhiteTeam "Canada"]
[BlackTeam "Brazil"]
[WhiteTeamCountry "CAN"]
[BlackTeamCountry "BRA"]

1. e4 Nf6 2. Nc3 e5 3. Nf3 Nc6 4. Bc4 Nxe4 5. Nxe4 d5 6. Bb5 dxe4 7. Ng1 Qg5 8. d3 Qxg2 9. Qe2 Qxh1 10. Bc4 Qxg1+ 11. Kd2 exd3 12. Bxd3 Qxh2 13. Bc4 Be6 14. Bb5 0-0-0+ 15. Bd3 Bc4 16. Qg4+ Kb8 17. Qxc4 Qxf2+ 18. Kc3 Bb4+ 19. Kb3 Na5+ 20. Kxb4 Nxc4 0-1